000 00912nam a2200265Ia 4500
003 OSt
005 20221005105627.0
006 a|||||r|||| 00| 0
007 ta
008 221004b |||||||| |||| 00| 0 hin d
020 _a8181431820 (hbk)
_c295
024 _a104417
037 _b372, 17/02/2011, Vani Prakashan
_cTextual
040 _aCRL
_cCRL
_bhin
041 _2hin
_ahin
082 _aO152:g, M3;P4
100 _aखरे, विष्णु
245 0 _aआलोचना की पहली किताब
246 _aĀlochanā kī pahalī kitāba
260 _aनई दिल्ली
_bवाणी प्रकाशन भारत
_c2004
300 _a200पृ0
_ccm.
650 _aहिन्दी साहित्य
942 _hO152:g, M3;P4
_cTEXL
_2cc
999 _c1016398
_d1016398